| 000 | 00554nam a2200157 i 4500 | ||
|---|---|---|---|
| 001 | 129889 | ||
| 003 | ES-MaACL | ||
| 005 | 20230906193611.0 | ||
| 007 | t| | ||
| 008 | 070710s1933 mx ||||1| spa d | ||
| 245 | 0 | 0 | _aTres siglos de arquitectura colonial. |
| 260 |
_aMéxico : _bSecretaría de Educación Pública, _c1933. |
||
| 300 |
_aXV; 150 p. : _bil. ; _c24 cm. |
||
| 500 | _aPrecede al tÍt.: Publicaciones de la SecretarÍa de educación pública. Departamento de monumentos. Dirección de monumentos coloniales. | ||
| 852 |
_aES-MaACL _jA-1895 |
||
| 999 |
_c129889 _d129889 |
||